O ratinho cinzento (Record no. 45305)

MARC details
000 -Etiqueta do registo
Valores 00457cam a22001811 4500
100 ## - Dados gerais de processamento
Dados gerais 19930319d1972 c y0pory5003 ba
101 0# - Língua de publicação
Língua por
102 ## - País de publicação
País PT
200 1# - Titulo e menção de responsabilidade
Título próprio O ratinho cinzento
Primeira menção de responsabilidade Condessa de Ségur
210 #9 - Publicação
Local de publicação Lisboa
Nome do editor Edicões Paulistas,
Data de publicação 1972
215 ## - Descrição física 
Paginação / Volumes 79, [1] p.
Outras indicações físicas il.
Dimensões 18 cm
225 2# - Colecção 
Título próprio da colecção Contos maravilhosos
Indicação de volume 13
675 ## - CDU
Notação 087.5
Edição med
Língua por
700 #0 - Autor principal
Apelido Ségur,
Datas 1799-1874
801 #0 - Fonte de origem
País PT
Agência BN
Regras de catalogação RPC
990 ## - Elementos KOHA
Tipo de documento MON
Holdings
Aquisição Empréstimo Código de barras Cota Permissão de empréstimo Tipo de documento
Biblioteca Municipal de Redondo Biblioteca Municipal de Redondo 055604 82-93 SÈG   Livro

Powered by Koha